000 00420nam a2200169 4500
001 VA37900
003 ES-SlBCS
005 20210601154104.0
008 140520s1921 xxu||||| |||| 00| 0 spa d
041 _aspa
100 1 _aKepler, Paul W. Von
_9365908
245 1 0 _aMás alegría
_cPaul W. von Kepler
260 _aFriburgo :
_bHerder
_c, 1921
300 _a183 p.;
_c18 cm
650 _aAlegría
_9112308
942 _cBK
999 _c799950
_d799950